000 00647nam a2200241 i 4500
001 C2-0273555
003 PPAK
005 20180728002902.0
008 060809s1975 fr a|||| ||||| | eng d
040 _aPPAK
_beng
_cPPAK
_erda
082 0 4 _a727.0942
_223
090 0 0 _a727.0942
_bNOE
_dKK
100 0 _aNoel Lindsay,
_eauthor
245 1 0 _aInstitutional Arrangements For School Building
264 1 _aParis :
_c1975
300 _a33 pages :
_billustrations ;
_c29 cm
336 _2rdacontent
_atext
337 _2rdamedia
_aunmediated
338 _2rdacarrier
_avolume
650 1 0 _aSchool facilities
700 _eauthor
942 _ddc
_cB
999 _c81459
_d81459